| 000 | 00596nam a2200193 i 4500 | ||
|---|---|---|---|
| 001 | 93566 | ||
| 003 | ES-MaACL | ||
| 005 | 20250828061921.0 | ||
| 007 | t| | ||
| 008 | 050414s1967 sp ||||1| spa d | ||
| 100 | 1 |
_aLópez Arévalo, Juan Ramón. _973413 |
|
| 245 | 1 | 3 |
_aUn problema matrimonial _b: ¿cuándo es lícita la píldora? / _cJuan Ramón López Arévalo. |
| 260 |
_aMadrid : _bStudium, _c1967. |
||
| 300 |
_a97 p. ; _c18 cm. |
||
| 650 |
_aAnticonceptivos. _9168869 |
||
| 650 | 7 |
_aEducación sexual _2embne _912121 |
|
| 852 |
_aES-MaACL _jC-34176 _bR.64245 |
||
| 999 |
_c93566 _d93566 |
||